[Event "World Rapid 2017"]
[Site "Riyadh KSA"]
[Date "2017.12.28"]
[Round "12.59"]
[White "Lam, Daniel King-wai"]
[Black "Saeed, Ishaq"]
[Result "0-1"]
[WhiteTitle "FM"]
[BlackTitle "FM"]
[WhiteElo "2222"]
[BlackElo "2434"]
[WhiteFideId "6001238"]
[BlackFideId "9301453"]
[EventDate "2017.12.26"]

1. e4 e5 2. Nf3 Nc6 3. Bb5 a6 4. Ba4 Nf6 5. O-O b5 6. Bb3 Bb7 7. Re1 Bc5 8. c3
d6 9. d4 Bb6 10. Bg5 h6 11. Bxf6 Qxf6 12. Bd5 Rb8 13. Nbd2 O-O 14. dxe5 Nxe5 15.
Bxb7 Rxb7 16. Qe2 Re8 17. Nxe5 Rxe5 18. Nf3 Re6 19. a4 Rb8 20. axb5 axb5 21. Qd3
b4 22. Nd4 Ree8 23. Re2 Ra8 24. Rae1 bxc3 25. bxc3 Ra4 26. Rd1 Rea8 27. g3 Ra2
28. Red2 h5 29. h4 g6 30. Kg2 Kg7 31. Rxa2 Rxa2 32. Rd2 Ra3 33. Nb5 Ra5 34. Nd4
Rc5 35. Ne2 Re5 36. Nf4 Bc5 37. Nd5 Qd8 38. f3 Re8 39. Nf4 c6 40. c4 Qf6 41. Rc2
Rb8 42. Qc3 Bd4 43. Qd2 Rb1 44. Ne2 Bc5 45. Qc3 Qxc3 46. Rxc3 Re1 47. Rc2 Kf6
48. Nf4 Rg1+ 49. Kh2 Rf1 50. Kg2 Rg1+ 51. Kh2 Rd1 52. Ne2 Ra1 53. Nf4 Ra3 54.
Kg2 Ke5 55. Ne2 Ra1 56. Rd2 Ra3 57. Rc2 Re3 58. Rd2 Rb3 59. Rc2 Rb8 60. Rd2 Ra8
61. Rc2 Ra4 62. Kf1 Ke6 63. Nf4+ Ke7 64. Ne2 f6 65. Nf4 Kf7 66. Ne2 g5 67. hxg5
fxg5 68. Kg2 Kf6 69. f4 g4 0-1

[Event "World Rapid 2017"]
[Site "Riyadh KSA"]
[Date "2017.12.28"]
[Round "12.60"]
[White "Lodhi, Mahmood"]
[Black "Bukannan, Ahmed A"]
[Result "1-0"]
[WhiteTitle "IM"]
[WhiteElo "2347"]
[BlackElo "1929"]
[WhiteFideId "7800010"]
[BlackFideId "21504164"]
[EventDate "2017.12.26"]

1. d4 Nf6 2. Nf3 d5 3. g3 g6 4. Bg2 Bg7 5. O-O O-O 6. b3 b6 7. c4 Bb7 8. Bb2
dxc4 9. bxc4 Nfd7 10. Qc2 c5 11. d5 Na6 12. e4 Nc7 13. Bxg7 Kxg7 14. Nbd2 e5 15.
Qc3 Qe7 16. Ne1 Ne8 17. Nd3 Nd6 18. f4 f6 19. Bh3 Bc8 20. Bxd7 Bxd7 21. fxe5
fxe5 22. Nxe5 Kg8 23. Nxd7 Qxd7 24. e5 Nf5 25. Ne4 Kh8 26. e6+ Qg7 27. Qxg7+
Kxg7 28. d6 Rfe8 29. e7 Nxe7 30. dxe7 Rxe7 31. Nc3 Rd8 32. Rae1 Rxe1 33. Rxe1
Rd4 34. Re4 Kf6 35. Kf2 Rd2+ 36. Re2 Rd4 37. Nd5+ Kg5 38. Ne3 a6 39. Rb2 b5 40.
cxb5 axb5 41. Rxb5 Rd2+ 42. Kf3 Rxa2 43. Rxc5+ Kh6 44. Ng4+ Kg7 45. Rc7+ Kg8 46.
Nf6+ Kf8 47. Nxh7+ Kg8 48. h4 Ra5 49. Kg4 Rb5 50. Ng5 Rb4+ 51. Kh3 Ra4 52. Ne6
Ra6 53. Rg7+ Kh8 54. Rxg6 Kh7 55. Nf8+ 1-0

[Event "World Rapid 2017"]
[Site "Riyadh KSA"]
[Date "2017.12.28"]
[Round "12.61"]
[White "Miswadah, Baha"]
[Black "Amer, Said Salim Al Maashani"]
[Result "0-1"]
[BlackTitle "FM"]
[WhiteElo "1877"]
[BlackElo "2103"]
[WhiteFideId "11502118"]
[BlackFideId "22000100"]
[EventDate "2017.12.26"]

1. e4 c6 2. d4 d5 3. exd5 cxd5 4. c4 Nf6 5. Nc3 Nc6 6. Bg5 Ne4 7. Nxe4 dxe4 8.
Be3 e5 9. d5 Nd4 10. a3 Qa5+ 11. Bd2 Qb6 12. b4 Qg6 13. Be3 Bg4 14. Qa4+ Bd7 15.
Qd1 Be7 16. Ne2 Nf5 17. Bd2 e3 18. Bxe3 Nxe3 19. fxe3 Bg5 20. Ng3 Bxe3 21. Bd3
Qh6 22. Nf5 Bxf5 23. Bxf5 O-O 24. Qf3 Bd4 25. Rd1 Qa6 26. Bd3 g6 27. Be2 Qa4 28.
c5 a5 29. Rxd4 exd4 30. b5 Rae8 31. O-O Re3 32. Qf2 Qxa3 33. c6 bxc6 34. dxc6
Qc5 35. h3 d3 36. Bxd3 Qd4 37. Bc4 Qxc4 38. Qxe3 Qxb5 39. Qe4 Qc5+ 40. Kh1 Rc8
41. Qf3 Qc4 42. Rd1 Rxc6 43. Rd8+ Kg7 44. Qa3 Qc1+ 45. Qxc1 Rxc1+ 46. Kh2 a4 47.
Ra8 Rc3 48. Ra7 Rc4 49. Ra6 h6 50. Kg1 g5 51. Kh2 f6 52. g4 Kg6 53. Kg2 Rf4 54.
Kh2 h5 55. Kg3 h4+ 56. Kg2 Kf7 57. Kg1 Ke7 58. Kg2 Kd7 59. Kg1 Kc7 60. Kg2 Kb7
61. Ra5 Kb6 62. Rd5 Ka6 63. Kg1 a3 64. Rd2 Ra4 65. Ra2 Kb5 66. Kf2 Kb4 67. Ke3
Kb3 68. Ra1 Kb2 69. Rd1 a2 70. Rd2+ Kc1 71. Rf2 a1=Q 72. Rf1+ Kc2 73. Rxa1 Rxa1 0-1

[Event "World Rapid 2017"]
[Site "Riyadh KSA"]
[Date "2017.12.28"]
[Round "12.62"]
[White "Al Ghamdi, Ahmed M"]
[Black "Al Saidi, Mohammed Khalfan"]
[Result "1-0"]
[WhiteTitle "CM"]
[WhiteElo "2159"]
[BlackElo "1468"]
[WhiteFideId "21500150"]
[BlackFideId "22001271"]
[EventDate "2017.12.26"]

1. e4 c5 2. Nf3 Nc6 3. Bb5 d6 4. O-O Bg4 5. h3 Bh5 6. c3 Qb6 7. Be2 Nf6 8. d3 e6
9. Nbd2 Be7 10. Nc4 Qc7 11. Bf4 b5 12. Ne3 O-O 13. Nd2 Bxe2 14. Qxe2 a5 15. a4
b4 16. Ndc4 Nd7 17. Bg3 Nb6 18. f4 Nxc4 19. Nxc4 f5 20. exf5 exf5 21. Ne3 Rae8
22. Nd5 Qd7 23. Qf3 Bd8 24. Rae1 Ne7 25. cxb4 cxb4 26. b3 Nxd5 27. Qxd5+ Kh8 28.
Bf2 Rf6 29. Rxe8+ Qxe8 30. Re1 Qd7 31. Bd4 Rf8 32. Re6 Qf7 33. Rxd6 Qxd5 34.
Rxd5 Kg8 35. Bc5 Re8 36. Rxf5 Bf6 37. Kf2 Kf7 38. Rd5 Ke6 39. Rd6+ Kf5 40. Kf3
h6 41. g4+ Kg6 42. Bd4 Re1 43. h4 Kf7 44. Bxf6 gxf6 45. Rd5 Rb1 46. Rxa5 Rxb3
47. Ke4 Ra3 48. d4 b3 49. Rb5 Rxa4 50. Rxb3 h5 51. Rb7+ Kf8 52. g5 fxg5 53. hxg5
Kg8 54. g6 h4 55. Rh7 Ra6 56. f5 Ra1 57. Rxh4 Re1+ 58. Kf4 Rd1 59. Ke5 1-0

[Event "World Rapid 2017"]
[Site "Riyadh KSA"]
[Date "2017.12.28"]
[Round "12.63"]
[White "Al Mahmood, Salman"]
[Black "Al Zamel, Khaled"]
[Result "0-1"]
[WhiteElo "1593"]
[BlackElo "1942"]
[WhiteFideId "11201517"]
[BlackFideId "21500967"]
[EventDate "2017.12.26"]

1. e4 g6 2. d4 Bg7 3. Nf3 d6 4. Bc4 Nf6 5. Nc3 O-O 6. O-O c6 7. Bf4 Nbd7 8. Re1
Nb6 9. Bb3 Bg4 10. h3 Bxf3 11. Qxf3 Nfd7 12. Rad1 e5 13. dxe5 Nxe5 14. Qe2 Qe7
15. Na4 Nbd7 16. Qd2 b5 17. Nc3 a5 18. a3 Rac8 19. Qxd6 Qxd6 20. Rxd6 Rfe8 21.
f3 Nc5 22. Red1 Nxb3 23. cxb3 h6 24. Ne2 g5 25. Bg3 Ng6 26. R1d2 Bf8 27. R6d3
Bc5+ 28. Bf2 Be7 29. Bg3 Nf8 30. Kf1 Ne6 31. Rc3 b4 32. Rcc2 bxa3 33. bxa3 Bxa3
34. Nd4 Nxd4 35. Rxd4 Bb4 36. Be1 c5 37. Rd5 Ra8 38. Bxb4 cxb4 39. Rcc5 a4 40.
bxa4 Rxa4 41. Rb5 Rc8 42. Rb6 Rc2 43. Rd1 Raa2 44. Rxb4 Rf2+ 45. Kg1 Rxg2+ 46.
Kh1 Rh2+ 47. Kg1 Rxh3 48. Rb3 Rhh2 49. Rbd3 h5 50. Re3 h4 51. Rde1 h3 52. e5
Rag2+ 53. Kf1 Rh1# 0-1

[Event "World Rapid 2017"]
[Site "Riyadh KSA"]
[Date "2017.12.28"]
[Round "12.64"]
[White "Al Abdali, Zeyad Saleh"]
[Black "Al Omary, Ahmed"]
[Result "1-0"]
[WhiteElo "1801"]
[BlackElo "1875"]
[WhiteFideId "21501505"]
[BlackFideId "21500207"]
[EventDate "2017.12.26"]

1. d4 c5 2. d5 Nf6 3. c4 b5 4. b3 g6 5. Bb2 d6 6. Nf3 Bg7 7. Nbd2 O-O 8. e4 bxc4
9. bxc4 Bg4 10. Be2 Nbd7 11. O-O Rb8 12. Bc3 Qc7 13. Qc2 Rb7 14. h3 Bxf3 15.
Bxf3 Rfb8 16. Rab1 Ne8 17. Rb3 Ne5 18. Be2 Nd7 19. Bxg7 Nxg7 20. f4 f5 21. Bd3
Rxb3 22. axb3 Rf8 23. Qc3 fxe4 24. Nxe4 Nf5 25. Ng5 Rf6 26. Bxf5 gxf5 27. Ne6
Qc8 28. Rf3 Nf8 29. Rg3+ Kh8 30. Ng7 Ng6 31. Nh5 Qf8 32. Nxf6 exf6 33. Qe3 Kg7
34. h4 h5 35. Qe6 Kh6 36. Qxf5 Nxh4 37. Qe4 f5 38. Qe6+ Kh7 39. Rg5 Qd8 40.
Rxh5+ Kg7 41. Qh6+ Kf7 42. Qh7+ 1-0

[Event "World Rapid 2017"]
[Site "Riyadh KSA"]
[Date "2017.12.28"]
[Round "12.65"]
[White "Alanazy, Mohammed"]
[Black "Alem, Ali Hussien"]
[Result "1-0"]
[WhiteElo "1850"]
[BlackElo "1745"]
[WhiteFideId "21508488"]
[BlackFideId "21500088"]
[EventDate "2017.12.26"]

1. e4 c5 2. Nf3 d6 3. d4 cxd4 4. Nxd4 Nf6 5. Nc3 a6 6. Be3 e5 7. Nf3 Be6 8. Be2
Be7 9. O-O O-O 10. Ne1 d5 11. exd5 Nxd5 12. Nxd5 Bxd5 13. c3 Nc6 14. Nf3 h6 15.
Qc1 Qc7 16. h3 f5 17. Rd1 Be6 18. Nh2 f4 19. Bd2 e4 20. Bg4 Bc4 21. Re1 Bd3 22.
Be2 Ne5 23. Bxf4 Rxf4 24. Qxf4 Nf3+ 25. Qxf3 exf3 26. Bxd3 fxg2 27. Ng4 Bc5 28.
Re2 Qg3 29. Be4 Qxh3 30. Nh2 Bd6 31. Bxg2 Qxh2+ 32. Kf1 Rf8 33. Rae1 Bc5 34. Rd1
Qg3 35. Rdd2 h5 36. Bd5+ Kh8 37. b4 Ba7 38. c4 h4 39. c5 h3 40. Re8 Qf4 41. Re4
Qf6 42. Re3 Qh4 43. Re4 Qh6 44. Kg1 g5 45. Re6 Qh4 46. Re4 g4 47. Rde2 Bb8 48.
Be6 Bh2+ 49. Kf1 Bg3 50. Rxg4 Rxf2+ 51. Rxf2 Qe7 52. Rf5 Qh7 53. Rf8+ Qg8 54.
Rfxg8+ Kh7 55. Rxg3 1-0

[Event "World Rapid 2017"]
[Site "Riyadh KSA"]
[Date "2017.12.28"]
[Round "12.66"]
[White "Al Juhani, Bakr"]
[Black "Salama, Taher"]
[Result "1-0"]
[WhiteElo "1854"]
[BlackElo "1769"]
[WhiteFideId "21500185"]
[BlackFideId "11502231"]
[EventDate "2017.12.26"]

1. e4 c5 2. Nf3 d6 3. Bd3 Nc6 4. c3 Nf6 5. Bc2 e5 6. h3 Be7 7. O-O Be6 8. Re1
O-O 9. d4 cxd4 10. cxd4 exd4 11. Nxd4 Nxd4 12. Qxd4 Qc7 13. Nc3 a6 14. Be3 Qa5
15. a3 Rac8 16. Rac1 Rc6 17. Bd2 Qh5 18. Bd1 Qg6 19. Qe3 Rfc8 20. Be2 Nd7 21. f4
f5 22. exf5 Bxf5 23. Qxe7 Bxh3 24. Bf3 Rc5 25. Be3 Rf5 26. Nd5 Nc5 27. Bxc5 dxc5
28. Qe4 Rf7 29. Ne7+ Rxe7 30. Qxe7 Bf5 31. Bd5+ Kh8 32. Bf7 Qc6 33. Rxc5 1-0

[Event "World Rapid 2017"]
[Site "Riyadh KSA"]
[Date "2017.12.28"]
[Round "12.67"]
[White "Al Bargi, Hassan M"]
[Black "Al Habeeb, Emad"]
[Result "0-1"]
[WhiteElo "1579"]
[BlackElo "1933"]
[WhiteFideId "21501475"]
[BlackFideId "21500029"]
[EventDate "2017.12.26"]

1. d4 Nf6 2. Bf4 c5 3. d5 d6 4. c4 g6 5. Nc3 Bg7 6. e4 O-O 7. Nf3 Qa5 8. Qd2 Bg4
9. Be2 Bxf3 10. Bxf3 Na6 11. Bh6 Qb4 12. Bxg7 Kxg7 13. Be2 Nd7 14. f4 Qb6 15.
Bg4 Nf6 16. h3 Qd8 17. e5 Ng8 18. O-O-O Rb8 19. Rde1 Nc7 20. f5 dxe5 21. Rxe5 b5
22. Be2 Qd6 23. Qe3 bxc4 24. Bxc4 Rb4 25. b3 a6 26. Rf1 Rb7 27. fxg6 hxg6 28. h4
Nb5 29. Kb1 Na3+ 30. Kc1 0-1

[Event "World Rapid 2017"]
[Site "Riyadh KSA"]
[Date "2017.12.28"]
[Round "13.6"]
[White "Grischuk, Alexander"]
[Black "Safarli, Eltaj"]
[Result "1-0"]
[WhiteTitle "GM"]
[BlackTitle "GM"]
[WhiteElo "2772"]
[BlackElo "2639"]
[WhiteFideId "4126025"]
[BlackFideId "13402129"]
[EventDate "2017.12.26"]

1. Nf3 c5 2. c4 Nc6 3. Nc3 g6 4. e3 Nf6 5. d4 cxd4 6. exd4 d5 7. cxd5 Nxd5 8.
Qb3 e6 9. Bb5 Bg7 10. Bxc6+ bxc6 11. O-O O-O 12. Na4 Qd6 13. Re1 Rb8 14. Qd1 Ne7
15. Bd2 Nf5 16. Bc3 Rd8 17. Nc5 Nxd4 18. Ne4 Qd5 19. Nxd4 Bxd4 20. Qa4 Qb5 21.
Qxd4 Rxd4 22. Bxd4 f5 23. Nf6+ Kf7 24. Nxh7 c5 25. Bc3 Rb7 26. Re3 Re7 27. Ng5+
Ke8 28. Rae1 e5 29. Bxe5 Bb7 30. a3 Kd7 31. f3 Kc8 32. Nh3 Qa4 33. b4 c4 34. Nf2
g5 35. h3 f4 36. Rc3 Bd5 37. Ng4 Kb7 38. Kh2 Qc6 39. Rd1 Qe6 40. Bf6 Rd7 41.
Bxg5 Bc6 42. Rxd7+ Bxd7 43. Bxf4 Ba4 44. Re3 Qd7 45. Be5 Bc2 46. Bc3 Ka6 47. Ne5
Qf5 48. Kg1 Kb5 49. Kf2 Qg5 50. g3 Qf5 51. Kg2 Bd3 52. h4 Ka4 53. h5 Kb3 54. Bd4
Kc2 55. h6 Qh7 56. Ng4 Kd2 57. Re6 Bf5 58. Be3+ Kd3 59. Nf2+ Kc2 60. Rc6 Kb3 61.
g4 Qd7 62. Ra6 Bb1 63. Rxa7 Qe6 64. Bf4 c3 65. h7 Qf6 66. Kg3 Qh8 67. b5 Bxh7
68. b6 c2 69. b7 Ka2 70. Ra8 Qa1 71. Kg2 1-0

[Event "World Rapid 2017"]
[Site "Riyadh KSA"]
[Date "2017.12.28"]
[Round "13.8"]
[White "Mamedov, Rauf"]
[Black "Artemiev, Vladislav"]
[Result "0-1"]
[WhiteTitle "GM"]
[BlackTitle "GM"]
[WhiteElo "2709"]
[BlackElo "2691"]
[WhiteFideId "13401653"]
[BlackFideId "24101605"]
[EventDate "2017.12.26"]

1. e4 c6 2. Nc3 d5 3. Nf3 dxe4 4. Nxe4 Nf6 5. Qe2 Nxe4 6. Qxe4 Qd5 7. Qf4 Qf5 8.
Qe3 Qe6 9. b3 Qxe3+ 10. fxe3 a5 11. a4 Bf5 12. d3 f6 13. Bb2 e5 14. O-O-O Na6
15. Be2 Nb4 16. Rhf1 Bg6 17. Nh4 Nd5 18. Kd2 Bc5 19. d4 exd4 20. exd4 Bd6 21. g3
O-O-O 22. Bd3 Nb4 23. Bf5+ Kc7 24. c3 Nd5 25. Rde1 Bf7 26. Bd3 Bg6 27. Re2 Bh5
28. Ree1 Bg4 29. Bf5 h5 30. Bxg4 hxg4 31. Rf2 Rxh4 32. gxh4 Rh8 33. Ree2 Bf4+
34. Kc2 Rxh4 35. c4 Nb4+ 36. Kd1 g3 37. Rxf4 Rxf4 38. hxg3 Rf1+ 39. Kd2 Rg1 40.
Bc3 Rxg3 41. Re7+ Kb6 42. Bxb4 axb4 43. Kc2 g5 44. c5+ Ka7 45. Rf7 Rf3 46. Kd2
Rxb3 47. d5 cxd5 48. c6 Rc3 49. cxb7 Rc6 50. a5 b3 51. a6 Rxa6 52. Kc3 Rb6 53.
Kb2 d4 0-1

[Event "World Rapid 2017"]
[Site "Riyadh KSA"]
[Date "2017.12.28"]
[Round "13.10"]
[White "Le, Quang Liem"]
[Black "Kravtsiv, Martyn"]
[Result "1-0"]
[WhiteTitle "GM"]
[BlackTitle "GM"]
[WhiteElo "2737"]
[BlackElo "2672"]
[WhiteFideId "12401137"]
[BlackFideId "14113147"]
[EventDate "2017.12.26"]

1. d4 Nf6 2. c4 e6 3. Nf3 d5 4. Nc3 c5 5. cxd5 Nxd5 6. e4 Nxc3 7. bxc3 cxd4 8.
cxd4 Bb4+ 9. Bd2 Bxd2+ 10. Qxd2 O-O 11. Bc4 Nd7 12. O-O b6 13. d5 Nc5 14. Rad1
exd5 15. Bxd5 Bb7 16. Qf4 Qe7 17. Rfe1 Rad8 18. h4 Bxd5 19. exd5 Qd6 20. Qe3 Nd7
21. Ng5 Nf6 22. Ne4 Nxe4 23. Qxe4 h6 24. Re3 Rd7 25. Qd4 Qc5 26. Qe5 Qd6 27. Qb2
h5 28. Re5 Qf6 29. Qd4 g6 30. Rd3 Rfd8 31. Rf3 Qd6 32. Rg3 Qc5 33. Qe4 Rxd5 34.
Rxg6+ fxg6 35. Qxg6+ Kf8 36. Qf6+ Kg8 37. Rg5+ Rxg5 38. Qxd8+ Kf7 39. Qxg5 Qxg5
40. hxg5 b5 41. Kf1 a5 42. Ke2 Kg6 43. f4 b4 44. Kd3 a4 45. Kc4 b3 46. axb3 axb3
47. Kxb3 h4 48. Kc3 Kf5 49. Kd3 1-0

[Event "World Rapid 2017"]
[Site "Riyadh KSA"]
[Date "2017.12.28"]
[Round "13.11"]
[White "Dreev, Aleksey"]
[Black "Rapport, Richard"]
[Result "1/2-1/2"]
[WhiteTitle "GM"]
[BlackTitle "GM"]
[WhiteElo "2653"]
[BlackElo "2707"]
[WhiteFideId "4100107"]
[BlackFideId "738590"]
[EventDate "2017.12.26"]

1. d4 e6 2. c4 b6 3. Nc3 Bb7 4. Nf3 Nf6 5. a3 Ne4 6. Nxe4 Bxe4 7. Nd2 Bg6 8. b3
d5 9. Bb2 Be7 10. g3 Nd7 11. Bg2 Nf6 12. O-O O-O 13. Rc1 c6 14. b4 a5 15. Qb3 b5
16. c5 Qc7 17. Bc3 a4 18. Qb2 Ng4 19. Nf3 Be4 20. Bd2 Rae8 21. Bf4 Qc8 22. Qd2
Kh8 23. Bd6 Nh6 24. Bf4 Nf5 25. Bh3 Bxf3 26. exf3 Bf6 27. Bxf5 exf5 28. Rfe1
Rxe1+ 29. Rxe1 1/2-1/2

[Event "World Rapid 2017"]
[Site "Riyadh KSA"]
[Date "2017.12.28"]
[Round "13.12"]
[White "Pantsulaia, Levan"]
[Black "Guseinov, Gadir"]
[Result "0-1"]
[WhiteTitle "GM"]
[BlackTitle "GM"]
[WhiteElo "2612"]
[BlackElo "2646"]
[WhiteFideId "13602071"]
[BlackFideId "13401378"]
[EventDate "2017.12.26"]

1. Nf3 g6 2. e4 c5 3. c4 Nc6 4. d4 cxd4 5. Nxd4 Nf6 6. Nc3 Nxd4 7. Qxd4 d6 8.
Be2 Bg7 9. Be3 O-O 10. Qd2 a5 11. Rd1 a4 12. c5 Be6 13. cxd6 Qxd6 14. Qxd6 exd6
15. a3 Rfc8 16. Bd4 Bb3 17. Ra1 d5 18. e5 Nd7 19. f4 f6 20. exf6 Bxf6 21. Bxf6
Nxf6 22. O-O d4 23. Nb5 Rc2 24. Rf2 Rd8 25. Bd3 Rc5 26. Re2 Bc4 27. Bxc4+ Rxc4
28. Rd1 d3 29. Nc3 Rxf4 30. Rf2 Rxf2 31. Kxf2 Ng4+ 32. Kf3 h5 33. h3 Rf8+ 34.
Kg3 Ne5 35. Nxa4 h4+ 36. Kxh4 Rf4+ 37. Kg3 Rxa4 38. Kf2 Re4 39. Re1 Rd4 40. Ke3
Rd6 41. b3 Kf7 42. Kf4 Kf6 43. Ke3 Rb6 44. Rb1 Ke6 45. h4 Kd5 46. g4 Rf6 47. h5
Rf3+ 48. Kd2 gxh5 49. gxh5 Rh3 50. Kc3 Rxh5 51. Rb2 Rh8 0-1

[Event "World Rapid 2017"]
[Site "Riyadh KSA"]
[Date "2017.12.28"]
[Round "13.13"]
[White "Zhigalko, Sergei"]
[Black "Quparadze, Giga"]
[Result "1/2-1/2"]
[WhiteTitle "GM"]
[BlackTitle "GM"]
[WhiteElo "2641"]
[BlackElo "2506"]
[WhiteFideId "13502956"]
[BlackFideId "13602250"]
[EventDate "2017.12.26"]

1. e4 c5 2. Nf3 e6 3. c3 d5 4. e5 d4 5. Bd3 Bd7 6. O-O Bc6 7. Qe2 Ne7 8. Be4 Ng6
9. d3 Bxe4 10. Qxe4 Nc6 11. h4 h5 12. c4 Be7 13. g3 Qd7 14. Re1 Bd8 15. Bf4 Bc7
16. Nbd2 O-O 17. Re2 Rae8 18. Rae1 Nce7 19. Bg5 Nc6 20. Bf4 a6 21. a3 a5 22. a4
Nb4 23. b3 Qc6 24. Rd1 f5 25. Qxc6 bxc6 26. Ne1 Rb8 27. Ra1 Rb7 28. Ra3 Rfb8 29.
Kg2 Rb6 30. Kh3 R8b7 31. Kg2 Na6 32. Kh3 Nb8 33. Nef3 Nd7 34. Kg2 Rb8 35. Kh3
Re8 36. Ra1 Nb8 37. Ra3 Na6 38. Ra1 Nb4 39. Ne1 Rb7 40. Ra3 Kf7 41. Ndf3 Na6 42.
Nd2 Ke7 43. Bg5+ Kd7 44. f4 Nh8 45. Nef3 Nf7 46. Ne1 Bd8 47. Kg2 Nh6 48. Bxh6
gxh6 49. Kf3 Nb4 50. Rh2 Be7 51. Rh3 Rg8 52. Ra1 Rg7 53. Ra3 Rb8 54. Ra1 Rbg8
55. Nf1 Na6 56. Ra3 Bd8 57. Rh2 Ke8 58. Rh3 Nb8 59. Kf2 Bc7 60. Nf3 Na6 61. Ne1
Kf7 62. Rh1 Rb8 63. Rh3 Rgg8 64. Nd2 Bd8 65. Rh1 Be7 66. Rh3 Rg7 67. Ndf3 Rbg8
68. Ra1 Nb4 69. Ra3 1/2-1/2

[Event "World Rapid 2017"]
[Site "Riyadh KSA"]
[Date "2017.12.28"]
[Round "13.14"]
[White "Saric, Ivan"]
[Black "Harikrishna, Pentala"]
[Result "0-1"]
[WhiteTitle "GM"]
[BlackTitle "GM"]
[WhiteElo "2669"]
[BlackElo "2744"]
[WhiteFideId "14508150"]
[BlackFideId "5007003"]
[EventDate "2017.12.26"]

1. e4 c5 2. Nf3 e6 3. d4 cxd4 4. Nxd4 Nc6 5. Nc3 Qc7 6. f4 a6 7. Nxc6 Qxc6 8.
Bd3 b5 9. Qe2 Bb7 10. Bd2 Bc5 11. O-O-O Ne7 12. a3 O-O 13. Qh5 f6 14. Rhf1 Rf7
15. g4 b4 16. axb4 Bxb4 17. e5 f5 18. Rg1 Rc8 19. Kb1 Qb6 20. gxf5 exf5 21. Na4
Qa5 22. Bxb4 Qxb4 23. b3 Bd5 24. Qe2 Be6 25. Bxa6 Rb8 26. Nb2 Nd5 27. Rxd5 Bxd5
28. Bc4 Be6 29. Rd1 Ra8 30. Rd6 Qa3 31. Na4 Rxa4 32. bxa4 Qb4+ 33. Bb3 Bxb3 34.
cxb3 Qxb3+ 35. Qb2 Qxa4 36. Rd4 Qc6 37. Qb3 g6 38. Rd6 Qe4+ 39. Ka2 Kg7 40. Qc3
Qg2+ 41. Ka3 Kh6 42. Rd3 Rf8 43. Rh3+ Kg7 44. e6+ Kg8 45. exd7 Ra8+ 46. Kb4 Qb7+
47. Kc4 Ra4+ 48. Kc5 Qc7+ 49. Kb5 Qxd7+ 50. Kc5 Qa7+ 51. Kb5 Qa6+ 52. Kc5 Ra5+
53. Kd4 Qd6+ 0-1

[Event "World Rapid 2017"]
[Site "Riyadh KSA"]
[Date "2017.12.28"]
[Round "13.15"]
[White "Korobov, Anton"]
[Black "Sargissian, Gabriel"]
[Result "1/2-1/2"]
[WhiteTitle "GM"]
[BlackTitle "GM"]
[WhiteElo "2652"]
[BlackElo "2672"]
[WhiteFideId "14105730"]
[BlackFideId "13300881"]
[EventDate "2017.12.26"]

1. d4 d5 2. c4 e6 3. Nc3 Be7 4. cxd5 exd5 5. Bf4 c6 6. Qc2 Nf6 7. h3 g6 8. e3
Bf5 9. Qc1 Nbd7 10. Nf3 O-O 11. Be2 Ne4 12. O-O Re8 13. a3 a5 14. Re1 a4 15. Qd1
Nxc3 16. bxc3 b5 17. g4 Be6 18. Bd3 Nb6 19. Ne5 Rc8 20. Bg3 Bd6 21. f4 f6 22.
Nf3 Bf7 23. Bh4 Be7 24. Ra2 Qd7 25. Kh2 Ra8 26. Qc1 Nc4 27. Kg2 Kg7 28. Bg3 Bd6
29. g5 fxg5 30. Nxg5 Be6 31. Nxe6+ Rxe6 32. f5 Rf6 33. e4 dxe4 34. Bxc4 Bxg3 35.
Kxg3 bxc4 36. Rxe4 Qxf5 37. Rae2 Raf8 38. Re7+ R8f7 39. Rxf7+ Rxf7 40. Qe3 Rf6
41. Rb2 g5 42. Rb7+ Kg6 43. Rc7 Qd3 44. Re7 h5 45. Qxd3+ cxd3 46. Re3 d2 47. Rd3
Rf1 48. Rxd2 Ra1 49. d5 cxd5 50. Rxd5 Rxa3 51. Rc5 Ra2 52. h4 g4 53. Rg5+ Kh6
54. Ra5 a3 55. c4 Kg6 56. c5 Rc2 57. Rxa3 Rxc5 58. Rb3 Kf5 59. Ra3 Ke4 60. Ra4+
Ke5 61. Ra3 Kd4 62. Ra4+ Rc4 63. Ra5 Rc3+ 64. Kg2 Rc5 65. Ra4+ Ke5 66. Kg3 Rd5
67. Ra3 Ke4 68. Ra4+ Rd4 69. Ra5 Rd3+ 70. Kg2 Kf4 71. Ra4+ Ke5 72. Ra5+ Rd5 73.
Ra3 Ke4 74. Ra2 Rd4 75. Re2+ Kf5 76. Rf2+ Ke4 77. Re2+ Kf4 78. Rf2+ Ke3 79. Rf5
Ke4 80. Rxh5 Kf4 81. Ra5 Rd2+ 82. Kg1 g3 83. h5 Kf3 84. Ra3+ Kg4 85. h6 Kh3 86.
Ra1 Rg2+ 87. Kh1 Rh2+ 88. Kg1 Rg2+ 89. Kh1 1/2-1/2

[Event "World Rapid 2017"]
[Site "Riyadh KSA"]
[Date "2017.12.28"]
[Round "13.16"]
[White "Alekseev, Evgeny"]
[Black "Karjakin, Sergey"]
[Result "1-0"]
[WhiteTitle "GM"]
[BlackTitle "GM"]
[WhiteElo "2616"]
[BlackElo "2760"]
[WhiteFideId "4138147"]
[BlackFideId "14109603"]
[EventDate "2017.12.26"]

1. e4 c5 2. Nf3 d6 3. d4 cxd4 4. Qxd4 Nc6 5. Bb5 Bd7 6. Qd3 Nf6 7. c4 g6 8. Nc3
Bg7 9. h3 O-O 10. O-O Rc8 11. Be3 a6 12. Bxc6 Bxc6 13. Nd4 Nd7 14. Rac1 Qa5 15.
b3 Rfd8 16. Qd2 e6 17. Rfd1 Nf6 18. f3 Be8 19. a4 Nd7 20. Kh1 Ne5 21. Bh6 Bxh6
22. Qxh6 Nc6 23. Nde2 Qc5 24. Qd2 Nb4 25. Nd4 Kg7 26. Re1 h5 27. Red1 Qb6 28.
Nde2 f6 29. Nb5 axb5 30. Qxb4 Qe3 31. Nd4 Bd7 32. axb5 e5 33. Nc2 Qf4 34. Qd2
Qg3 35. Qe1 Qf4 36. Qe3 Qg3 37. Qe1 Qf4 38. Ne3 Be6 39. Nd5 Bxd5 40. Rxd5 Ra8
41. Qd2 Qxd2 42. Rxd2 Kf7 43. b4 b6 44. h4 Ke7 45. c5 dxc5 46. Rxd8 Rxd8 47.
bxc5 bxc5 48. Rxc5 Rd1+ 49. Kh2 Rb1 50. g4 hxg4 51. fxg4 Rb4 52. h5 gxh5 53.
gxh5 Kf7 54. Rc7+ Kg8 55. Kg3 Kh8 56. b6 Rxb6 57. Kg4 Rb1 58. Kf5 Kg8 59. h6 Rh1
60. Kg6 Rg1+ 61. Kxf6 Rh1 62. Kg6 Rg1+ 63. Kf5 Rh1 64. Rc6 Kf7 65. Kxe5 Rh5+ 66.
Kd4 Rh1 67. Ra6 Rh5 68. e5 Rh1 69. Rf6+ Ke7 70. Ke4 Re1+ 71. Kf5 Rf1+ 72. Kg6
Rg1+ 73. Kh7 Rg5 74. Rg6 Rf5 75. e6 Kf8 76. Rg8+ Ke7 77. Kg6 Rf6+ 78. Kg5 1-0

[Event "World Rapid 2017"]
[Site "Riyadh KSA"]
[Date "2017.12.28"]
[Round "13.17"]
[White "Anton Guijarro, David"]
[Black "Demchenko, Anton"]
[Result "1/2-1/2"]
[WhiteTitle "GM"]
[BlackTitle "GM"]
[WhiteElo "2666"]
[BlackElo "2660"]
[WhiteFideId "2285525"]
[BlackFideId "4160258"]
[EventDate "2017.12.26"]

1. Nf3 Nf6 2. c4 g6 3. Nc3 Bg7 4. e4 d6 5. d4 O-O 6. h3 e5 7. d5 a5 8. g4 Na6 9.
Be3 Nc5 10. Nd2 c6 11. Be2 a4 12. Qc2 Bd7 13. a3 cxd5 14. exd5 Rc8 15. f3 e4 16.
fxe4 Qe7 17. O-O h5 18. g5 Nh7 19. h4 f6 20. Nf3 Bh3 21. Bxc5 Rxc5 22. e5 fxg5
23. Qxg6 Bf5 24. Qxd6 Qxd6 25. exd6 g4 26. Nd2 Bd4+ 27. Kg2 Rcc8 28. Nde4 Rce8
29. Ng3 Bg6 30. Rxf8+ Nxf8 31. Nxa4 Bc2 32. Nc3 Ng6 33. d7 Nxh4+ 34. Kh2 Rd8 35.
Nxh5 Be5+ 36. Kg1 Bd4+ 37. Kh1 Rxd7 38. Bxg4 Rh7 39. Re1 Bg6 40. Nb5 Bxh5 41.
Be6+ Bf7 42. Bxf7+ Kxf7 43. Rf1+ Ke7 44. Nxd4 Nf5+ 45. Kg2 Nxd4 46. Rf4 Nb3 47.
Rf3 Nd2 48. Rf4 Kd6 49. b4 Ke5 50. Rg4 Rc7 51. d6 Rf7 52. c5 Ne4 53. Rg8 Kd5 54.
Re8 Nf6 55. Rc8 Kc4 56. Rc7 Rd7 57. Kf3 Kd5 58. Ke2 Ke6 59. Rc8 b6 60. cxb6 Rb7
61. Rc6 Nd7 62. Ke3 Rxb6 63. Rxb6 Nxb6 64. Kd4 Kxd6 65. b5 Nd7 66. Kc4 Ne5+ 67.
Kb4 Nc6+ 68. Kc4 Ke5 1/2-1/2